书目信息 |
| 题名: |
尼采文集
|
|
| 作者: | 楚图南 译 | |
| 分册: | ||
| 出版信息: | 北京 改革出版社 1995.12 |
|
| 页数: | 753页 | |
| 开本: | 32开 | |
| 丛书名: | ||
| 单 册: | ||
| 中图分类: | B516.47 | |
| 科图分类: | ||
| 主题词: | 哲学--欧洲 | |
| 电子资源: | ||
| ISBN: | 7-80072-746-7 | |
| 000 | 00522nam0 2200193 45 | |
| 001 | 0006140992 | |
| 005 | 20000614100013.1 | |
| 010 | @a7-80072-746-7@d28.80元 | |
| 100 | @a20000614d1995 km y0chiy0120 ea | |
| 101 | 0 | @achi |
| 105 | @a z 000yy | |
| 200 | 1 | @a尼采文集@ANi Cai Wen Ji@f楚图南等译@FChu Tu Nan Deng Yi |
| 210 | @a北京@c改革出版社@d1995.12 | |
| 215 | @a753页@d32开 | |
| 606 | 0 | @a哲学@x欧洲 |
| 690 | @aB516.47@v3 | |
| 701 | 0 | @a楚图南@4译 |
| 801 | @aCN@bPftUser@c20000614 | |
| 905 | @b207789@dB516.47@eN080@f1 | |
| 尼采文集/楚图南等译.-北京:改革出版社,1995.12 |
| 753页;32开 |
| ISBN 7-80072-746-7:28.80元 |
| ● |
| 相关链接 |
|
|
|
正题名:尼采文集
索取号:B516.47/N080
 
预约/预借
| 序号 | 登录号 | 条形码 | 馆藏地/架位号 | 状态 | 备注 |
| 1 | 207789 | 202077894 | 社科库509/ [索取号:B516.47/N080] | 在馆 |